Smoothhess and renorming in Banach spaces
Αποθηκεύτηκε σε:
| Κύριος συγγραφέας: | |
|---|---|
| Άλλοι συγγραφείς: | , |
| Μορφή: | Βιβλίο |
| Γλώσσα: | English |
| Δημοσίευση: |
Essex :
Longman scientific & technical,
c1993
|
| Σειρά: | Pitman monographs and surveys in pure and applied mathematics ;
; 64 |
| Θέματα: | |
| Ετικέτες: |
Προσθήκη ετικέτας
Δεν υπάρχουν, Καταχωρήστε ετικέτα πρώτοι!
|
MARC
| LEADER | 00000nam a2200000 i 4500 | ||
|---|---|---|---|
| 001 | 1/61256 | ||
| 008 | 960220s1993 eng d | ||
| 020 | |a 0-582-07250-6 | ||
| 035 | |a 1995 |c ΧΑΤΖΗΣΑΒΒΑΣ |l 10046403 | ||
| 040 | |a GR-MY-UA |b gre |e aacr | ||
| 041 | 0 | |a eng | |
| 082 | 0 | |a 515.732 | |
| 100 | 1 | |a Deville, Robert. | |
| 245 | 1 | 0 | |a Smoothhess and renorming in Banach spaces / |c Robert Deville, Gilles Godefroy, Vaclav Zizler |
| 260 | |a Essex : |b Longman scientific & technical, |c c1993 | ||
| 300 | |a 374 p.; |c 24 cm. | ||
| 490 | 1 | |a Pitman monoagraphs and surveys in pure applied mathrmatics |v ; 64 | |
| 504 | |a Includes index | ||
| 650 | 0 | 0 | |a Normed linear spaces. |
| 650 | 0 | 0 | |a Convex sets. |
| 700 | 1 | |a Godefroy, Gilles. | |
| 700 | 1 | |a Zizler, Vaclav. | |
| 830 | 0 | |a Pitman monographs and surveys in pure and applied mathematics ; |v ; 64 | |
| 852 | |a INST |b SAMOS |e 19960220 |h 515.732 DEV |p 005300004688 |q 005300004688 |t BK |y 0 | ||
| 909 | |a Σ |b 041299 | ||